[Event "Match"]
[Site "www.echecsemail.com"]
[Date "2017.01.19"]
[Round "1"]
[White "Manuelito"]
[Black "Luke1302"]
[WhiteElo "1680"]
[BlackElo "1499"]
[Result "1-0"]
[Round "1"]
1.d4 e6
2.Ng1f3 Qd8e7
3.e3 g6
4.c4 Bf8g7
5.Nb1c3 b6
6.Bf1e2 Bc8b7
7.O-O Bb7xf3
8.Be2xf3 c6
9.Rf1e1 h5
10.g3 Nb8a6
11.a3 Qe7d8
12.h4 g5
13.Kf1 Qd8e7
14.Qd1a4 Ra8c8
15.Qa4xa6 Rc8c7
16.Qa6a4 Qe7f6
17.hxg5 Qf6xg5
18.Ke2 Ng8h6
19.Bc1d2 b5
20.cxb5 cxb5
21.Nc3xb5 Rc7c6
22.Nb5xa7 Rc6c7
23.Na7b5 Rc7c6
24.Ra1c1 Rc6b6
25.Rc1c8 Ke7
26.Rc8xh8 Bg7xh8
27.Bd2b4 Ke8
28.Nb5c7 Kd8
29.Re1c1 e5
30.Qa4a8 Rb6b8
31.Qa8xb8 { resign }
1-0

[Event "1/64 Finale"]
[Site "www.chess-mail.com"]
[Date "2017.01.19"]
[Round "1"]
[White "Stepanpech"]
[Black "Vasylpuzanov"]
[WhiteElo "2150"]
[BlackElo "1540"]
[Result "1-0"]
[Round "1"]
1.e4 e5
2.Ng1f3 Nb8c6
3.Bf1b5 Nc6d4
4.Nf3xd4 exd4
5.O-O c6
6.Bb5c4 b5
7.Bc4b3 a5
8.a4 b4
9.Qd1h5 g6
10.Qh5e5 { resign }
1-0

[Event "1/16 Finale"]
[Site "www.chess-mail.com"]
[Date "2017.01.19"]
[Round "1"]
[White "Mitja"]
[Black "Nimzo"]
[WhiteElo "1990"]
[BlackElo "2610"]
[Result "0-1"]
[Round "1"]
1.d4 d5
2.e3 Ng8f6
3.h3 c5
4.dxc5 e6
5.c3 Bf8xc5
6.Nb1d2 O-O
7.Nd2b3 Bc5b6
8.Ng1e2 Nb8c6
9.Ne2d4 e5
10.Nd4xc6 bxc6
11.Bf1e2 a5
12.O-O Bb6c7
13.Nb3d2 e4
14.Rf1e1 Rf8e8
15.Nd2f1 Re8e5
16.Kh1 Re5f5
17.Kg1 Rf5g5
18.Kh1 Bc8xh3
19.gxh3 Qd8d7
20.Nf1g3 Qd7xh3
21.Kg1 Bc7xg3
{ resign }
0-1

[Event "1/64 Finale"]
[Site "www.chess-mail.com"]
[Date "2017.01.19"]
[Round "1"]
[White "Yoj"]
[Black "Piriot"]
[WhiteElo "1749"]
[BlackElo "2139"]
[Result "0-1"]
[Round "1"]
1.e4 e5
2.Bf1b5 c6
3.Bb5c4 d5
4.exd5 cxd5
5.Bc4b5 Nb8c6
6.c3 Ng8f6
7.Ng1f3 Bf8d6
8.O-O O-O
9.Rf1e1 e4
10.Nf3d4 Nc6e5
11.a4 a6
12.Bb5e2 Nf6g4
13.h3 Qd8h4
14.f3 Ng4f2
15.Qd1b3 Nf2xh3
16.gxh3 Qh4g3
{ resign }
0-1

[Event "Tourn. n9198"]
[Site "www.chess-mail.com"]
[Date "2017.01.20"]
[Round "1"]
[White "Norlavuaram"]
[Black "Bojan"]
[WhiteElo "2130"]
[BlackElo "2040"]
[Result "0-1"]
[Round "1"]
1.e4 e5
2.Ng1f3 d6
3.d4 exd4
4.Nf3xd4 d5
5.e5 Bf8c5
6.Nb1c3 a6
7.Bf1e2 Qd8e7
8.O-O Bc8d7
9.Nc3xd5 Qe7d8
10.Be2f3 Nb8c6
11.Nd4b3 Bc5a7
12.Rf1e1 Ng8e7
13.Bc1g5 h6
14.Bg5xe7 Nc6xe7
15.Nd5xe7 Qd8xe7
16.Bf3xb7 Ra8d8
17.Qd1e2 Bd7b5
18.c4 Bb5d7
19.Ra1d1 Bd7e6
20.Bb7xa6 O-O
21.Rd1xd8 Rf8xd8
22.Re1d1 Rd8b8
23.Ba6b5 Be6f5
24.Nb3d4 Bf5d7
25.Nd4c6 Bd7xc6
26.Bb5xc6 Qe7c5
27.Bc6f3 Rb8e8
28.Rd1d5 Qc5b6
29.b3 f6
30.Bf3h5 Re8xe5
31.c5 Re5xe2
{ resign }
0-1

[Event "Tourn. n9176"]
[Site "www.chess-mail.com"]
[Date "2017.01.20"]
[Round "1"]
[White "Huw"]
[Black "Norlavuaram"]
[WhiteElo "2290"]
[BlackElo "2110"]
[Result "1/2-1/2"]
[Round "1"]
1.e4 e5
2.Nb1c3 Ng8f6
3.Bf1c4 Bf8e7
4.d3 O-O
5.f4 d6
6.Ng1f3 Nb8c6
7.O-O Bc8g4
8.h3 Bg4xf3
9.gxf3 Nf6h5
10.f5 Be7g5
11.Nc3e2 Bg5xc1
12.Qd1xc1 Nc6a5
13.Bc4b3 Na5xb3
14.axb3 a6
15.f4 exf4
16.Rf1f2 Qd8h4
17.Ne2xf4 Nh5xf4
18.Qc1xf4 Qh4xf4
19.Rf2xf4 f6
20.Rf4g4 Rf8f7
21.Kf2 Ra8e8
22.Ra1g1 Re8e7
23.Ke3 { draw }
1/2-1/2

[Event "Tourn. n9130"]
[Site "www.chess-mail.com"]
[Date "2017.01.20"]
[Round "1"]
[White "Madz123456"]
[Black "Lachouette"]
[WhiteElo "1570"]
[BlackElo "1560"]
[Result "0-1"]
[Round "1"]
1.e4 d6
2.d4 e6
3.Nb1c3 c6
4.Ng1f3 b6
5.Bf1d3 Bc8b7
6.O-O Nb8d7
7.a4 Qd8c7
8.a5 b5
9.d5 exd5
10.a6 Bb7c8
11.exd5 Ng8f6
12.dxc6 Qc7xc6
13.Bd3xb5 Qc6c7
14.Rf1e1 Bf8e7
15.Bc1g5 O-O
16.Re1xe7 Qc7c5
17.Bg5e3 Qc5c7
 { time }
0-1

[Event "Tourn. n8923"]
[Site "www.chess-mail.com"]
[Date "2017.01.20"]
[Round "1"]
[White "Numanoid"]
[Black "Hundegana"]
[WhiteElo "2280"]
[BlackElo "2000"]
[Result "1-0"]
[Round "1"]
1.e4 c5
2.Ng1f3 a6
3.Nb1c3 e6
4.d4 cxd4
5.Nf3xd4 Qd8f6
6.Bf1e2 Bf8c5
7.Nd4f3 h6
8.O-O Nb8c6
9.Bc1e3 Bc5xe3
10.fxe3 Qf6e7
11.e5 f6
12.exf6 Ng8xf6
13.Nf3h4 Nc6e5
14.Be2h5 Kd8
15.Nh4g6 Ne5xg6
16.Bh5xg6 Rh8f8
17.Qd1d4 d5
18.e4 Nf6d7
19.exd5 e5
20.Qd4e3 Nd7f6
21.Qe3b6 Qe7c7
22.Qb6xc7 Kxc7
23.a4 Kd6
24.Ra1d1 Bc8d7
25.h3 Ra8c8
26.Rf1f3 Rc8c4
27.b3 Rc4f4
28.Rf3xf4 exf4
29.Nc3e2 f3
30.gxf3 b5
31.axb5 axb5
32.Kg2 Rf8c8
33.Rd1d4 Nf6g8
34.c4 bxc4
35.bxc4 Rc8a8
36.Rd4d2 Ng8e7
37.Bg6e4 Ra8a5
38.h4 Ra5c5
39.Be4d3 Bd7f5
40.Bd3xf5 Ne7xf5
41.Ne2d4 Nf5xh4
42.Kg3 Nh4g6
43.Nd4f5 Kd7
44.Rd2d4 Ng6e5
45.Nf5e3 g6
46.f4 Ne5f7
47.Kg4 Kd6
48.Rd4e4 h5
49.Kh4 Rc5a5
50.Re4e6 Kc5
51.Re6xg6 Ra5a3
52.Rg6c6 Kb4
53.Ne3c2 Kb3
54.Nc2xa3 Kxa3
55.Rc6f6 Nf7d8
56.c5 Kb4
57.c6 Kc5
58.Rf6f8 Nd8xc6
59.dxc6 Kxc6
60.Rf8d8 Kc7
61.Rd8d1 Kc6
62.f5 Kc5
63.f6 Kc4
64.f7 Kc3
65.f8Q Kc2
66.Rd1d7 Kc3
67.Qf8c8 Kb4
68.Rd7b7 Ka5
69.Qc8a8 { resign }
1-0

[Event "Tourn. n9002"]
[Site "www.chess-mail.com"]
[Date "2017.01.20"]
[Round "1"]
[White "Ejner"]
[Black "Jose"]
[WhiteElo "2450"]
[BlackElo "2770"]
[Result "0-1"]
[Round "1"]
1.d4 d5
2.c4 e6
3.Nb1c3 Ng8f6
4.cxd5 exd5
5.Bc1g5 c6
6.e3 Bf8e7
7.Qd1c2 Nb8d7
8.Bf1d3 Nd7f8
9.Ng1f3 Nf8e6
10.Bg5xf6 Be7xf6
11.O-O g6
12.b4 O-O
13.Rf1c1 a5
14.bxa5 Ra8xa5
15.a4 Kg7
16.Qc2b3 Bf6e7
17.g3 Ne6g5
18.Nf3xg5 Be7xg5
19.Bd3f1 Rf8e8
20.Bf1g2 h5
21.h4 Bg5e7
22.Bg2f3 Ra5a7
23.Kg2 Qd8d7
24.Rc1h1 Qd7e6
25.Nc3e2 Be7d6
26.Qb3c3 Bc8d7
27.a5 Qe6e7
28.Rh1b1 Re8a8
29.Ne2c1 Bd7g4
30.Bf3e2 g5
31.hxg5 Qe7xg5
32.a6 h4
33.e4 hxg3
34.e5 Bg4h3
35.Kg1 gxf2
36.Kxf2 Qg5g2
37.Ke1 Bd6e7
38.Nc1d3 Ra7xa6
39.Ra1xa6 Qg2g1
40.Kd2 Qg1xb1
41.Nd3f4 Ra8xa6
42.Qc3g3 Kf8
43.Be2xa6 Be7b4
{ resign }
0-1

[Event "Tourn. n9110"]
[Site "www.chess-mail.com"]
[Date "2017.01.20"]
[Round "1"]
[White "Falcoale"]
[Black "Pinehill"]
[WhiteElo "1890"]
[BlackElo "2050"]
[Result "0-1"]
[Round "1"]
1.e4 d5
2.exd5 Ng8f6
3.c4 e6
4.Ng1f3 exd5
5.b3 Bf8d6
6.Bf1e2 O-O
7.O-O c6
8.Bc1b2 Bc8g4
9.h3 Bg4h5
10.Nb1c3 Bh5xf3
11.Be2xf3 Bd6e5
12.Ra1b1 dxc4
13.bxc4 Nb8d7
14.d4 Be5d6
15.c5 Bd6c7
16.Qd1c2 Rf8e8
17.Rb1d1 Nd7f8
18.d5 cxd5
19.Nc3xd5 Nf6xd5
20.Rd1xd5 Qd8h4
21.Rd5h5 Qh4f4
22.g3 Qf4xf3
23.Rh5g5 Nf8g6
24.Rg5f5 Qf3e2
25.Qc2c3 Bc7e5
26.Rf5xe5 Ng6xe5
27.Kg2 Ra8d8
28.Rf1e1 Qe2c4
29.Re1xe5 Qc4xc3
30.Bb2xc3 Re8xe5
31.Bc3xe5 f6
32.Be5c7 Rd8d5
33.Bc7d6 Rd5xd6
34.cxd6 Kf7
35.Kf3 Ke6
36.Ke4 Kxd6
37.f4 g6
38.g4 Kc5
39.h4 b5
40.g5 f5
41.Ke5 Kb4
42.Kf6 Ka3
43.Kg7 Kxa2
44.Kxh7 b4
45.Kxg6 b3
46.h5 b2
47.h6 b1Q
48.h7 Qb1b8
49.Kg7 Qb8xf4
50.h8Q Qf4xg5
{ resign }
0-1

[Event "Tourn. n9100"]
[Site "www.chess-mail.com"]
[Date "2017.01.20"]
[Round "1"]
[White "Redabond"]
[Black "Lachouette"]
[WhiteElo "1710"]
[BlackElo "1670"]
[Result "1-0"]
[Round "1"]
1.d4 d5
2.Bc1f4 e6
3.Nb1c3 Bf8d6
4.Bf4xd6 cxd6
5.e3 Nb8c6
6.Bf1b5 a6
7.Bb5xc6 bxc6
8.Ng1f3 Bc8b7
9.O-O Qd8d7
10.e4 Ng8e7
11.e5 dxe5
12.Nf3xe5 Qd7d6
13.Qd1f3 Ne7f5
14.g4 Nf5h4
15.Qf3xf7 Kd8
16.Qf7xb7 Ra8b8
17.Ne5f7 Ke8
18.Nf7xd6 Kf8
19.Qb7xb8 Ke7
20.Qb8xh8 Kxd6
21.Qh8xh7 Nh4f3
22.Kg2 Nf3xd4
23.Ra1d1 c5
24.Qh7xg7 Nd4xc2
25.Rd1d2 Nc2b4
26.Nc3a4 Kc6
27.a3 Kb5
28.axb4 cxb4
29.Qg7d7 Kc4
30.Qd7xe6 a5
31.Qe6c6 Kb3
32.Qc6xd5 Kxa4
33.b3 Ka3
34.Qd5xa5 Kxb3
35.Qa5a2 Kc3
36.Qa2c2 { resign }
1-0

[Event "Tourn. n9114"]
[Site "www.chess-mail.com"]
[Date "2017.01.20"]
[Round "1"]
[White "Lachouette"]
[Black "Mancini"]
[WhiteElo "1690"]
[BlackElo "1799"]
[Result "0-1"]
[Round "1"]
1.e4 e5
2.f4 exf4
3.Ng1f3 d5
4.d3 dxe4
5.Bc1xf4 exf3
6.Qd1xf3 Nb8c6
7.Nb1c3 Nc6d4
8.Qf3e4 Qd8e7
9.Qe4xe7 Bf8xe7
10.O-O-O Bc8g4
11.Rd1e1 O-O-O
12.Bf4e5 Be7f6
13.Be5xf6 Ng8xf6
14.Re1e7 Bg4e6
15.Bf1e2 Nd4xe2
16.Nc3xe2 Nf6d5
17.Re7xe6 fxe6
18.Rh1e1 Rh8f8
19.Ne2d4 Rf8f2
20.Re1xe6 Rf2xg2
21.Re6e2 Rg2xe2
22.Nd4xe2 Rd8f8
23.Kd2 Rf8f2
24.c4 Nd5f4
25.Ke3 Rf2xe2
26.Kxf4 Re2xb2
27.h4 Rb2xa2
28.d4 Ra2e2
29.h5 a5
30.d5 a4
31.Kg5 a3
32.h6 gxh6
33.Kxh6 Re2g2
34.Kxh7 a2
{ resign }
0-1

[Event "Match"]
[Site "www.echecsemail.com"]
[Date "2017.01.20"]
[Round "1"]
[White "Caspito"]
[Black "Pdebonis"]
[WhiteElo "1860"]
[BlackElo "1499"]
[Result "0-1"]
[Round "1"]
1.e4 c5
2.b3 d6
3.Bc1b2 Ng8f6
4.d3 g6
5.Nb1c3 Bf8g7
6.Bf1e2 Nb8c6
7.Ng1f3 Qd8a5
8.O-O Nf6xe4
9.dxe4 Bg7xc3
10.Qd1c1 Bc8g4
11.Rf1d1 O-O
12.a3 a6
13.b4 cxb4
14.axb4 Qa5xb4
15.Ra1b1 Bg4xf3
16.Be2xf3 b5
17.e5 Nc6d4
18.Bb2xc3 Nd4xf3
19.gxf3 Qb4xc3
20.exd6 exd6
21.Rb1b3 Qc3c6
22.Kg2 a5
23.Kg3 Rf8c8
24.Rd1d2 Qc6c5
25.Rb3d3 Qc5g5
26.Kh3 Rc8c4
27.Rd3d4 Rc4xd4
{ resign }
0-1

[Event "Match"]
[Site "www.echecsemail.com"]
[Date "2017.01.20"]
[Round "1"]
[White "Pariolinius"]
[Black "Pdebonis"]
[WhiteElo "1960"]
[BlackElo "1499"]
[Result "0-1"]
[Round "1"]
1.d4 d5
2.Ng1f3 Ng8f6
3.Bc1g5 Nf6e4
4.Bg5f4 Bc8f5
5.Nb1d2 e6
6.e3 Nb8d7
7.Bf1d3 Bf8d6
8.Bf4g5 Ne4xg5
9.Bd3xf5 exf5
10.O-O Nd7b6
11.b3 Ng5e4
12.Nd2xe4 dxe4
13.Nf3e5 Bd6xe5
14.dxe5 Qd8xd1
15.Ra1xd1 Nb6d7
16.f4 exf3
17.Rf1xf3 g6
18.Rf3f4 O-O-O
19.Rd1d5 Rh8e8
20.Rf4d4 Nd7xe5
21.Rd5a5 Ne5g4
22.Ra5xa7 Rd8xd4
23.Ra7a8 Kd7
24.Ra8xe8 Rd4d1
{ resign }
0-1

[Event "Match"]
[Site "www.echecsemail.com"]
[Date "2017.01.20"]
[Round "1"]
[White "Jobeye"]
[Black "Fangshuo"]
[WhiteElo "1970"]
[BlackElo "2120"]
[Result "0-1"]
[Round "1"]
1.Ng1f3 d5
2.c4 c6
3.e3 Ng8f6
4.Nb1c3 e5
5.Nf3xe5 Qd8d6
6.Ne5d3 dxc4
7.Nd3f4 Qd6b4
8.a3 Qb4a5
9.Bf1xc4 Bf8d6
10.Nf4d3 Bc8g4
11.f3 Bg4f5
12.e4 Bf5g6
13.O-O O-O
14.f4 Nf6xe4
15.Nc3xe4 Bg6xe4
 { time }
0-1

[Event "Match"]
[Site "www.echecsemail.com"]
[Date "2017.01.20"]
[Round "1"]
[White "Aiko1603"]
[Black "Balbyns"]
[WhiteElo "1800"]
[BlackElo "1669"]
[Result "1-0"]
[Round "1"]
1.c4 e5
2.Nb1c3 Ng8f6
3.g3 Nb8c6
4.Bf1g2 d6
5.d3 h6
6.Ng1f3 Bc8e6
7.O-O Qd8d7
8.Bc1e3 Be6h3
9.a3 Bh3xg2
10.Kxg2 Nf6g4
11.Nc3d5 Ng4xe3
12.Nd5xe3 Nc6e7
13.Qd1b3 Qd7c6
14.Ne3d5 Ne7xd5
15.cxd5 Qc6b6
16.Qb3a4 c6
17.dxc6 Qb6xc6
18.Qa4d1 Ra8c8
19.b4 Kd7
20.Qd1b3 Ke7
21.Rf1c1 Qc6d7
22.Qb3d5 g5
23.Nf3xe5 Qd7f5
24.Qd5xb7 Kf6
25.Ne5d7 Kg7
26.Rc1xc8 h5
27.e4 Qf5g4
28.f3 Qg4e6
29.Nd7xf8 Rh8xf8
30.Rc8xf8 Kxf8
31.Ra1c1 Qe6a2
32.Kg1 Qa2b2
33.Rc1c8 Kg7
34.Qb7d5 Qb2e2
35.Qd5xg5 Kh7
36.Qg5g8 Kh6
37.Qg8h8 { resign }
1-0

[Event "Match"]
[Site "www.echecsemail.com"]
[Date "2017.01.20"]
[Round "1"]
[White "Fbeley"]
[Black "Jobeye"]
[WhiteElo "2000"]
[BlackElo "2040"]
[Result "1-0"]
[Round "1"]
1.e4 g5
2.d4 e6
3.Nb1c3 Bf8b4
4.Bc1d2 Nb8c6
5.a3 Bb4e7
6.Bd2e3 a6
7.g3 d5
8.Bf1g2 Ng8f6
9.Be3xg5 b6
10.Ng1e2 Nc6a5
11.Bg5xf6 Be7xf6
12.exd5 Bc8b7
13.Ne2f4 Na5c4
14.b3 Nc4d6
15.O-O Bf6xd4
16.Qd1xd4 Ke7
17.Rf1e1 { time. }
1-0

[Event "Match"]
[Site "www.echecsemail.com"]
[Date "2017.01.20"]
[Round "1"]
[White "Azorau"]
[Black "Billyg"]
[WhiteElo "1870"]
[BlackElo "1680"]
[Result "0-1"]
[Round "1"]
1.e4 e6
2.d4 d5
3.exd5 exd5
4.Qd1e2 Bf8e7
5.b3 Ng8f6
6.Bc1g5 O-O
7.Nb1c3 Rf8e8
8.O-O-O Nf6e4
9.Nc3xe4 Be7xg5
10.Kb2 Re8xe4
11.Qe2h5 Bg5f6
12.c3 Bc8g4
13.f3 Bg4xh5
14.g4 Bh5g6
15.Bf1g2 h5
16.h4 hxg4
17.fxe4 dxe4
18.h5 Bg6h7
19.Rd1e1 c5
20.Ng1e2 cxd4
21.Re1d1 d3
22.h6 g5
23.a4 Qd8c7
24.Ne2d4 Nb8c6
25.Nd4b5 Qc7f4
26.Rh1f1 Qf4e3
27.Ka3 Bf6e7
28.b4 d2
29.Kb2 Be7f6
30.Rf1xf6 Qe3e1
31.Rd1xe1 dxe1Q
32.Kb3 Nc6e5
33.Nb5d4 Qe1b1
{ resign }
0-1

[Event "Match"]
[Site "www.echecsemail.com"]
[Date "2017.01.20"]
[Round "1"]
[White "Jobeye"]
[Black "Karlgrocer"]
[WhiteElo "2410"]
[BlackElo "2090"]
[Result "0-1"]
[Round "1"]
1.d4 d5
2.Bc1f4 Ng8f6
3.Nb1c3 a6
4.g3 e6
5.Bf1g2 Bf8e7
6.Ng1f3 O-O
7.Qd1d3 Nb8c6
8.a3 b5
9.e4 dxe4
10.Nc3xe4 Bc8b7
11.c3 Nc6a5
12.Ne4xf6 Be7xf6
13.a4 Na5c4
14.b3 Nc4d6
{ time. }
0-1

[Event "Match"]
[Site "www.echecsemail.com"]
[Date "2017.01.20"]
[Round "1"]
[White "Jobeye"]
[Black "Irene"]
[WhiteElo "2149"]
[BlackElo "2120"]
[Result "0-1"]
[Round "1"]
1.Ng1f3 d5
2.b3 Ng8f6
3.Bc1b2 e6
4.e3 Bf8b4
5.Bf1d3 O-O
6.Nf3g5 h6
7.Bb2xf6 Qd8xf6
8.c3 Qf6xg5
9.g3 Bb4d6
10.h4 Qg5f6
11.f4 Nb8d7
12.h5 e5
13.f5 e4
14.Bd3e2 Bd6xg3
15.Kf1 Qf6xf5
{ time. }
0-1

[Event "Match"]
[Site "www.echecsemail.com"]
[Date "2017.01.20"]
[Round "1"]
[White "Ssharp"]
[Black "Add"]
[WhiteElo "2120"]
[BlackElo "2100"]
[Result "0-1"]
[Round "1"]
1.e4 d5
2.e5 d4
3.Bf1c4 e6
4.Ng1f3 a6
5.O-O b5
6.Bc4e2 Bc8b7
7.d3 h6
8.Bc1f4 Ng8e7
9.Nb1d2 Ne7g6
10.Bf4g3 Nb8c6
11.Rf1e1 Bf8b4
12.a3 Bb4a5
13.b4 Ba5b6
14.Ra1c1 Nc6e7
15.h3 Ne7d5
16.Nd2e4 Nd5f4
17.Be2f1 Nf4d5
18.c4 bxc4
19.dxc4 Nd5e7
20.c5 Bb6a7
21.Qd1xd4 Ne7d5
22.Rc1d1 O-O
23.Qd4a1 Qd8e7
24.Bf1d3 Bb7c6
25.Bd3xa6 Rf8b8
26.Qa1c1 Bc6b5
27.Ba6xb5 Rb8xb5
28.Rd1d3 Rb5b8
29.Re1d1 c6
30.Nf3d2 Ng6f4
31.Rd3f3 Nf4e2
{ resign }
0-1

[Event "1/64 Finale"]
[Site "www.chess-mail.com"]
[Date "2017.01.20"]
[Round "1"]
[White "Szustan"]
[Black "Ssharp"]
[WhiteElo "2640"]
[BlackElo "2120"]
[Result "1-0"]
[Round "1"]
1.e4 e6
2.d4 d5
3.Nb1c3 Bf8b4
4.e5 c5
5.a3 Bb4xc3
6.bxc3 Ng8e7
7.Qd1g4 O-O
8.Bf1d3 c4
9.Bc1h6 Ne7g6
10.Bd3xg6 fxg6
11.Bh6e3 Nb8c6
12.h4 Qd8e8
13.Ng1e2 Qe8f7
14.h5 gxh5
15.Rh1xh5 Nc6e7
16.O-O-O Ne7f5
17.Be3g5 g6
18.Bg5f6 Nf5g7
19.Rh5xh7 { resign }
1-0

[Event "1/64 Finale"]
[Site "www.chess-mail.com"]
[Date "2017.01.20"]
[Round "1"]
[White "Bevittsmith"]
[Black "Mitja"]
[WhiteElo "2260"]
[BlackElo "2060"]
[Result "1-0"]
[Round "1"]
1.e4 d5
2.exd5 Qd8xd5
3.Nb1c3 Qd5d8
4.d4 e6
5.Ng1f3 h6
6.Bf1d3 Ng8f6
7.O-O c6
8.Bc1f4 Bf8e7
9.Qd1d2 Nb8d7
10.Nc3e2 Nd7b6
11.c4 Bc8d7
12.Nf3e5 O-O
13.Bf4xh6 gxh6
14.Qd2xh6 Rf8e8
15.Qh6g5 Kf8
16.Ne2f4 Nf6g8
17.Nf4g6 fxg6
18.Qg5xg6 { resign }
1-0

[Event "Tourn. n9176"]
[Site "www.chess-mail.com"]
[Date "2017.01.21"]
[Round "1"]
[White "Bojan"]
[Black "Awfen"]
[WhiteElo "2000"]
[BlackElo "2060"]
[Result "1-0"]
[Round "1"]
1.e4 Nb8c6
2.Ng1f3 e5
3.Bf1c4 h6
4.Qd1e2 Ng8f6
5.a3 Bf8c5
6.Nb1c3 O-O
7.h3 a6
8.Nc3d5 Nf6xd5
9.exd5 Nc6d4
10.Nf3xd4 exd4
11.O-O d6
12.Qe2f3 b5
13.Bc4d3 Bc8b7
14.Bd3e4 Bb7c8
15.Qf3g3 Qd8f6
16.d3 Ra8b8
17.b4 Bc5b6
18.Kh1 Bc8f5
19.Be4xf5 Qf6xf5
20.Bc1xh6 Qf5f6
21.Bh6d2 Rb8c8
22.Ra1c1 c5
23.c3 Rf8e8
24.Bd2f4 Bb6c7
25.c4 bxc4
26.dxc4 Re8e4
27.Bf4d2 Qf6e7
28.Rf1e1 Rc8e8
29.Re1xe4 Qe7xe4
30.Rc1e1 Qe4c2
31.Re1xe8 Kh7
32.Qg3h4 Kg6
33.Qh4g5 Kh7
34.Qg5h5 { resign }
1-0

[Event "Tourn. n9148"]
[Site "www.chess-mail.com"]
[Date "2017.01.21"]
[Round "1"]
[White "Formargo"]
[Black "Picifarkinca"]
[WhiteElo "1760"]
[BlackElo "1630"]
[Result "0-1"]
[Round "1"]
1.d4 d5
2.c4 c6
3.Ng1f3 Ng8f6
4.Nb1c3 e6
5.Bc1g5 Nb8d7
6.e3 Bf8b4
7.Qd1c2 Qd8a5
8.Nf3d2 h6
9.Bg5h4 O-O
10.Bf1d3 Bb4xc3
11.bxc3 e5
12.dxe5 Nd7xe5
13.Bh4xf6 Ne5xd3
14.Qc2xd3 { time. }
0-1

[Event "Tourn. n9099"]
[Site "www.chess-mail.com"]
[Date "2017.01.21"]
[Round "1"]
[White "Madz123456"]
[Black "Pachi"]
[WhiteElo "1500"]
[BlackElo "1490"]
[Result "0-1"]
[Round "1"]
1.Ng1f3 d6
2.d4 Bc8g4
3.c4 c6
4.Nb1c3 Qd8a5
5.h3 Bg4xf3
6.exf3 g6
7.Bf1d3 Bf8g7
8.Bc1d2 Qa5b4
9.Nc3a4 Qb4xd2
10.Qd1xd2 Bg7xd4
11.Bd3xg6 e5
12.Bg6c2 b5
13.Na4c3 bxc4
14.Nc3e4 Bd4xb2
15.Ne4xd6 Kf8
16.Nd6f5 Ke8
17.Ra1d1 Bb2d4
18.Nf5xd4 exd4
19.Qd2xd4 Nb8a6
20.Qd4xh8 Kf8
 { time }
0-1

[Event "Tourn. n9165"]
[Site "www.chess-mail.com"]
[Date "2017.01.21"]
[Round "1"]
[White "Yoj"]
[Black "Coolant"]
[WhiteElo "1889"]
[BlackElo "1769"]
[Result "0-1"]
[Round "1"]
1.e4 Nb8c6
2.Ng1f3 e5
3.Bf1c4 Ng8f6
4.Nf3g5 d5
5.exd5 b5
6.Bc4xb5 Qd8xd5
7.Bb5xc6 Qd5xc6
8.O-O Bc8b7
9.Ng5f3 O-O-O
10.b3 e4
11.Nf3e1 Bf8c5
12.Bc1b2 e3
13.Ne1f3 exf2
14.Kh1 Rh8e8
15.d4 Bc5xd4
16.Bb2xd4 Rd8xd4
17.Qd1xd4 Qc6xf3
18.Qd4xf2 Qf3xf2
{ resign }
0-1

[Event "Tourn. n9095"]
[Site "www.chess-mail.com"]
[Date "2017.01.21"]
[Round "1"]
[White "Piriot"]
[Black "Redapond1"]
[WhiteElo "1879"]
[BlackElo "1949"]
[Result "1-0"]
[Round "1"]
1.Ng1f3 d5
2.d4 Bc8f5
3.c4 Nb8c6
4.cxd5 Qd8xd5
5.Nb1c3 Qd5d7
6.d5 Nc6b4
7.e4 Bf5g4
8.Qd1b3 Bg4xf3
9.Qb3xb4 Bf3g4
10.Qb4xb7 Qd7c8
11.Bf1b5 Bg4d7
12.Bb5xd7 Kxd7
13.Qb7c6 Kd8
14.Bc1f4 Ra8b8
15.Nc3a4 Qc8d7
16.b3 Qd7xc6
17.dxc6  { time }
1-0

[Event "Tourn. n9177"]
[Site "www.chess-mail.com"]
[Date "2017.01.21"]
[Round "1"]
[White "Jackbauer"]
[Black "Falcoale"]
[WhiteElo "1960"]
[BlackElo "1880"]
[Result "0-1"]
[Round "1"]
1.e4 c5
2.f4 e6
3.Ng1f3 Nb8c6
4.c4 b6
5.d4 cxd4
6.Nf3xd4 Nc6xd4
7.Qd1xd4 Bc8b7
8.a3 Ng8f6
9.h3 Nf6xe4
10.Nb1d2 Qd8h4
11.Ke2 Ne4g3
{ resign }
0-1

[Event "Tourn. n9205"]
[Site "www.chess-mail.com"]
[Date "2017.01.21"]
[Round "1"]
[White "Bojan"]
[Black "B0zata"]
[WhiteElo "2010"]
[BlackElo "2150"]
[Result "0-1"]
[Round "1"]
1.e4 e5
2.Ng1f3 Nb8c6
3.d4 exd4
4.Nf3xd4 Bf8c5
5.Nd4xc6 bxc6
6.c3 Qd8h4
7.Qd1f3 Ng8f6
8.e5 Qh4e4
9.Bf1e2 Qe4xe5
10.Bc1f4 Qe5e7
11.O-O O-O
12.Nb1d2 Nf6d5
13.Bf4g3 Ra8b8
14.Ra1b1 Qe7f6
15.Bg3xc7 Qf6xf3
16.Be2xf3 Nd5xc7
17.Nd2e4 Bc5b6
18.c4 Nc7e6
19.b3 h6
20.Rf1d1 Ne6g5
21.Ne4xg5 hxg5
22.Rd1e1 f5
23.h3 g4
24.hxg4 fxg4
25.Bf3xg4 Bb6xf2
26.Kf1 Bf2xe1
27.Kxe1 d5
28.Bg4e2 Bc8f5
29.Rb1c1 Bf5e4
30.g3 d4
31.Be2g4 Rb8e8
{ resign }
0-1

[Event "Tourn. n9062"]
[Site "www.chess-mail.com"]
[Date "2017.01.21"]
[Round "1"]
[White "Redapond1"]
[Black "Falcoale"]
[WhiteElo "2049"]
[BlackElo "1870"]
[Result "0-1"]
[Round "1"]
1.d4 Ng8f6
2.Bc1f4 e6
3.Nb1c3 d5
4.e3 Bf8b4
5.Ng1e2 O-O
6.a3 Bb4a5
7.b4 Ba5b6
8.Ne2c1 Nb8d7
9.Bf1d3 Rf8e8
10.Nc3b5 a6
11.Nb5xc7 Bb6xc7
12.Bf4xc7 Qd8xc7
13.O-O Nd7b6
14.Nc1e2 Nb6c4
15.Bd3xc4 Qc7xc4
16.Ne2f4 Bc8d7
17.Qd1d3 Qc4c8
18.Rf1c1 Bd7b5
19.Qd3d2 Nf6e4
20.Qd2d1 f6
21.f3 Ne4c3
22.Qd1d2 e5
23.dxe5 Re8xe5
24.Nf4h5 Re5xh5
25.g4 Rh5h6
26.Kf2 Rh6xh2
27.Ke1 Rh2xd2
28.f4 Rd2h2
29.a4 Qc8xg4
 { time }
0-1

[Event "Tourn. n9083"]
[Site "www.chess-mail.com"]
[Date "2017.01.21"]
[Round "1"]
[White "Francesco"]
[Black "Julian"]
[WhiteElo "1970"]
[BlackElo "1900"]
[Result "1/2-1/2"]
[Round "1"]
1.d4 d5
2.c4 e6
3.Nb1c3 Ng8f6
4.Bc1g5 Bf8e7
5.e3 c6
6.Ng1f3 O-O
7.Bf1d3 Nb8d7
8.O-O Rf8e8
9.Qd1c2 h6
10.Bg5h4 Nf6e4
11.Bh4xe7 Qd8xe7
12.Nc3xe4 dxe4
13.Bd3xe4 e5
14.dxe5 Nd7xe5
15.Nf3xe5 Qe7xe5
16.Be4f3 Bc8f5
17.Qc2b3 Ra8b8
18.Ra1d1 g5
19.Rd1d2 Bf5e6
20.Bf3e2 b5
21.Qb3c2 bxc4
22.Be2xc4 Be6xc4
23.Qc2xc4 c5
24.b3 Rb8b4
25.Qc4c2 Rb4h4
26.h3 g4
27.g3 Rh4xh3
28.Rf1d1 Re8e6
29.Rd2d8 Kg7
30.Rd8c8 Qe5h5
31.Kf1 Rh3h1
32.Ke2 Rh1xd1
33.Qc2xd1 Qh5f5
34.Qd1d8 Qf5c2
35.Qd8d2 Qc2e4
36.Qd2b2 f6
37.Rc8xc5 Qe4f3
38.Ke1 Re6xe3
39.fxe3 Qf3xe3
40.Qb2e2 Qe3xc5
41.Kf1 h5
42.Qe2e8 Kh6
43.Qe8f7 Qc5d4
44.Qf7f8 { draw }
1/2-1/2

[Event "Tourn. n9078"]
[Site "www.chess-mail.com"]
[Date "2017.01.21"]
[Round "1"]
[White "Pariolinius"]
[Black "Crull"]
[WhiteElo "1870"]
[BlackElo "1790"]
[Result "1-0"]
[Round "1"]
1.d4 Ng8f6
2.Bc1g5 Nf6e4
3.Bg5f4 e6
4.e3 d5
5.Ng1f3 Nb8c6
6.c3 Bf8e7
7.Bf1d3 Be7h4
8.Bd3xe4 dxe4
9.Nf3xh4 Qd8xh4
10.Bf4xc7 O-O
11.Bc7g3 Qh4g5
12.Nb1d2 f5
13.Qd1e2 Rf8f6
14.O-O-O Bc8d7
15.h4 Qg5g6
16.Rd1g1 h6
17.Bg3f4 Qg6f7
18.Rh1h3 Rf6g6
19.g4 Rg6xg4
20.Rg1xg4 fxg4
21.Rh3g3 e5
22.dxe5 Qf7xa2
23.Qe2c4 Qa2xc4
24.Nd2xc4 Ra8e8
25.Nc4d6 Re8b8
26.Nd6xe4 h5
27.e6 Bd7xe6
28.Rg3g1 Rb8d8
29.Bf4g5 Rd8d7
30.Ne4c5 Rd7d6
31.Nc5xe6 Rd6xe6
32.Rg1d1 Nc6e5
33.Rd1d8 Kh7
34.Bg5f4 Ne5f7
35.Rd8d5 Re6a6
36.Rd5xh5 Kg8
37.Kc2 g6
38.Rh5d5 Ra6a1
39.Rd5d7 b6
40.Rd7d1 Ra1a5
41.e4 Ra5c5
42.Rd1d5 a5
43.Rd5xc5 bxc5
44.Bf4c7 a4
45.e5 g5
46.h5 Nf7h6
47.Bc7d6 c4
48.e6 Nh6f5
49.Bd6b4 Kg7
50.e7 Kf7
51.Kd2 Nf5xe7
52.Bb4xe7 Kxe7
53.Ke3 Kf7
54.Ke4 Kg7
55.Kf5 g3
56.fxg3 Kh6
57.g4 { resign }
1-0

[Event "Tourn. n9163"]
[Site "www.chess-mail.com"]
[Date "2017.01.21"]
[Round "1"]
[White "Autmich"]
[Black "Cal"]
[WhiteElo "1680"]
[BlackElo "1480"]
[Result "1-0"]
[Round "1"]
1.e4 e5
2.Ng1f3 d6
3.d4 exd4
4.Nf3xd4 c5
5.Nd4f3 h6
6.Nb1c3 Ng8f6
7.Bf1b5 Bc8d7
8.O-O a6
9.Bb5xd7 Nb8xd7
10.Bc1f4 Nd7b6
11.Qd1d3 Bf8e7
12.Ra1d1 O-O
13.Bf4xd6 Nb6d7
14.e5 Nf6h7
15.Bd6xe7 Qd8xe7
16.Qd3xd7 Qe7e6
17.Qd7xe6 fxe6
18.Rd1d7 b5
19.Rd7c7 Rf8f5
20.Rf1d1 c4
21.Rd1d7 Nh7f8
22.Rd7xg7 Kh8
23.Nc3e4 Ra8d8
24.Ne4d6 Rd8xd6
25.exd6 Rf5d5
26.g3 e5
27.Rg7e7 Rd5xd6
28.Nf3xe5 Rd6d2
29.Ne5g6 Nf8xg6
30.Re7e8 Ng6f8
31.Re8xf8 { resign }
1-0

[Event "Tourn. n9161"]
[Site "www.chess-mail.com"]
[Date "2017.01.21"]
[Round "1"]
[White "Guidom"]
[Black "Francesco"]
[WhiteElo "2090"]
[BlackElo "1990"]
[Result "1/2-1/2"]
[Round "1"]
1.e4 c6
2.d4 d5
3.exd5 cxd5
4.c3 Bc8f5
5.Bc1f4 e6
6.Ng1f3 Ng8f6
7.Bf1b5 Nb8d7
8.Nf3e5 a6
9.Bb5xd7 Nf6xd7
10.O-O Nd7xe5
11.Bf4xe5 f6
12.Be5g3 Bf8d6
13.Nb1d2 Bd6xg3
14.hxg3 Kf7
15.g4 Bf5g6
16.f4 h5
17.f5 exf5
18.gxf5 Bg6h7
19.Qd1xh5 Ke7
20.Rf1e1 Kd6
21.Re1e6 Kc7
22.Qh5f7 Kb8
23.g4 Bh7g8
24.Qf7e7 Bg8xe6
25.Qe7xe6 Qd8c7
26.Nd2f1 Rh8d8
27.Ra1e1 Ka7
28.Qe6e7 Qc7xe7
29.Re1xe7 Rd8g8
30.Nf1e3 Ra8e8
31.Re7xe8 Rg8xe8
32.Kf2 b5
33.Ne3xd5 Kb7
34.Nd5f4 Kc6
35.a3 Kd6
36.Kf3 Re8e1
37.Nf4d3 Re1d1
38.Ke2 Rd1g1
39.Nd3f2 Rg1b1
40.Nf2d3 Kd5
41.Kd2 Rb1g1
42.Nd3f2 Kc4
43.Ke2 Kd5
{ draw }
1/2-1/2